[Event "SRB-chT 2nd League East"]
[Site "Knic"]
[Date "2019.09.07"]
[Round "3.4"]
[White "Peycheva, Gergana"]
[Black "Madjar, Stanislav"]
[Result "1/2-1/2"]
[WhiteElo "2246"]
[BlackElo "2198"]
[PlyCount "80"]
[EventDate "2019.09.06"]
[EventType "team-tourn"]
[EventRounds "11"]
[EventCountry "SRB"]
[SourceTitle "EXT 2020"]
[Source "ChessBase"]
[SourceDate "2019.10.17"]
[SourceVersion "1"]
[SourceVersionDate "2019.10.17"]
[SourceQuality "1"]
[WhiteTeam "Paracin"]
[BlackTeam "Veliko Gradiste"]
[WhiteTeamCountry "SRB"]
[BlackTeamCountry "SRB"]

1. d4 Nf6 2. c4 e6 3. Nf3 Bb4+ 4. Bd2 Qe7 5. g3 Nc6 6. Bg2 Bxd2+ 7. Qxd2 Ne4 8. Qc2 Qb4+ 9. Kf1 f5 10. a3 Qe7 11. b4 0-0 12. Nc3 Nxc3 13. Qxc3 d6 14. b5 Nb8 15. Rd1 Nd7 16. h3 e5 17. Kg1 exd4 18. Nxd4 Nc5 19. Bd5+ Kh8 20. Kg2 Bd7 21. Rhe1 a6 22. Qf3 axb5 23. cxb5 Ra7 24. Rb1 Qe5 25. Nc2 b6 26. Rb4 Ra4 27. Reb1 Be6 28. Bxe6 Rxb4 29. Rxb4 Nxe6 30. h4 Kg8 31. e3 Nc5 32. Kh2 Qc3 33. Qd5+ Kh8 34. Rc4 Qb2 35. a4 h6 36. Kg2 Qf6 37. Rf4 Ne6 38. Rc4 Nc5 39. Rf4 Ne6 40. Rc4 Nc5 1/2-1/2

[Event "SRB-chT 2nd League East"]
[Site "Knic"]
[Date "2019.09.06"]
[Round "1.5"]
[White "Kalcic, Krsta"]
[Black "Madjar, Stanislav"]
[Result "0-1"]
[WhiteElo "2060"]
[BlackElo "2198"]
[PlyCount "50"]
[EventDate "2019.09.06"]
[EventType "team-tourn"]
[EventRounds "11"]
[EventCountry "SRB"]
[SourceTitle "EXT 2020"]
[Source "ChessBase"]
[SourceDate "2019.10.17"]
[SourceVersion "1"]
[SourceVersionDate "2019.10.17"]
[SourceQuality "1"]
[WhiteTeam "Bor Bakar"]
[BlackTeam "Veliko Gradiste"]
[WhiteTeamCountry "SRB"]
[BlackTeamCountry "SRB"]

1. e4 Nf6 2. e5 Nd5 3. d4 d6 4. c4 Nb6 5. exd6 exd6 6. Nc3 Be7 7. h3 Bf5 8. Nf3 Nc6 9. d5 Ne5 10. Nd4 Bg6 11. f4 Bh4+ 12. Ke2 Bd3+ 13. Qxd3 Nxd3 14. Kxd3 0-0 15. Be2 Nd7 16. g4 Nc5+ 17. Kc2 Bf2 18. Nf5 Qf6 19. Bd2 Rae8 20. Bf3 g6 21. Nh6+ Kg7 22. g5 Qd4 23. Be2 Rxe2 24. Nxe2 Qd3+ 25. Kd1 Ne4 0-1

[Event "SRB-chT2 East"]
[Site "Serbia"]
[Date "2018.09.08"]
[Round "3.25"]
[White "Nikolic, Dejan"]
[Black "Madjar, Stanislav"]
[Result "1/2-1/2"]
[WhiteElo "1861"]
[BlackElo "2192"]
[PlyCount "29"]
[EventDate "2018.09.07"]
[EventType "team-tourn"]
[EventRounds "11"]
[EventCountry "SRB"]
[SourceTitle "EXT 2021"]
[Source "ChessBase"]
[SourceDate "2020.10.23"]
[SourceVersion "1"]
[SourceVersionDate "2020.10.23"]
[SourceQuality "1"]
[WhiteTeam "Pozarevac"]
[BlackTeam "Veliko Gradiste"]
[WhiteTeamCountry "SRB"]
[BlackTeamCountry "SRB"]

1. d4 Nf6 2. c4 e6 3. Nc3 Bb4 4. Qc2 Nc6 5. Nf3 d6 6. Bg5 h6 7. Bd2 0-0 8. a3 Bxc3 9. Bxc3 Qe7 10. e3 e5 11. d5 Nb8 12. Be2 a5 13. b4 axb4 14. axb4 Rxa1+ 15. Bxa1 1/2-1/2

[Event "SRB-chT2 East"]
[Site "Vrnjacka Banja"]
[Date "2015.10.09"]
[Round "7.26"]
[White "Madjar, Stanislav"]
[Black "Jankovic, Uros"]
[Result "1-0"]
[WhiteElo "2166"]
[BlackElo "1792"]
[PlyCount "113"]
[EventDate "2015.08.28"]
[EventType "team-tourn"]
[EventRounds "11"]
[EventCountry "SRB"]
[SourceTitle "EXT 2022"]
[Source "ChessBase"]
[SourceDate "2021.10.06"]
[SourceVersion "1"]
[SourceVersionDate "2021.10.06"]
[SourceQuality "1"]

1. c4 e6 2. Nf3 d5 3. g3 Nf6 4. Bg2 Be7 5. 0-0 0-0 6. d4 b6 7. Ne5 Bb7 8. Qa4 Qe8 9. Qc2 c5 10. e3 Nc6 11. Rd1 dxc4 12. Nxc6 Bxc6 13. Qxc4 Bxg2 14. Kxg2 cxd4 15. exd4 Rc8 16. Qe2 Qc6+ 17. Kg1 Nd5 18. Be3 Qa4 19. b3 Qa5 20. Bd2 Bb4 21. Bxb4 Qxb4 22. Qb2 Rc7 23. Na3 Rfc8 24. Rd3 a5 25. Rad1 Nc3 26. R1d2 Ne4 27. Rd1 Nc3 28. R1d2 Ne4 29. Nc4 a4 30. a3 Qe7 31. Ne3 Rc1+ 32. Rd1 Rxd1+ 33. Rxd1 Nc3 34. Rd2 axb3 35. Qxb3 Qb7 36. Rc2 Ne4 37. Rxc8+ Qxc8 38. Qxb6 h6 39. Qb2 Ng5 40. h4 Nf3+ 41. Kg2 Qa8 42. d5 Ne1+ 43. Kf1 Nd3 44. Qb3 Qa6 45. Kg1 Nc5 46. Qb8+ Kh7 47. dxe6 Qxe6 48. Qb1+ g6 49. Qc2 Nb3 50. Qc4 Qxc4 51. Nxc4 Nc5 52. Kf1 Kg7 53. Ke2 Kf6 54. Ke3 Ke6 55. f3 Kd5 56. Nb2 f5 57. Nd3 1-0

[Event "SRB-chT2 East"]
[Site "Vrnjacka Banja"]
[Date "2015.10.08"]
[Round "6.36"]
[White "Marjanovic, Miroslav"]
[Black "Madjar, Stanislav"]
[Result "0-1"]
[WhiteElo "2100"]
[BlackElo "2166"]
[PlyCount "146"]
[EventDate "2015.08.28"]
[EventType "team-tourn"]
[EventRounds "11"]
[EventCountry "SRB"]
[SourceTitle "EXT 2022"]
[Source "ChessBase"]
[SourceDate "2021.10.06"]
[SourceVersion "1"]
[SourceVersionDate "2021.10.06"]
[SourceQuality "1"]

1. e4 Nf6 2. d3 d5 3. e5 Nfd7 4. d4 c5 5. c3 Nc6 6. Nf3 cxd4 7. cxd4 Nb6 8. Nc3 Bg4 9. Be2 e6 10. 0-0 Be7 11. Ne1 Bxe2 12. Nxe2 0-0 13. f4 f5 14. exf6 Bxf6 15. Nf3 Nc4 16. b3 Nd6 17. Ba3 Be7 18. Bxd6 Qxd6 19. Qd2 Bf6 20. Ne5 Bxe5 21. fxe5 Qe7 22. Nf4 Rf5 23. Rf3 Raf8 24. Raf1 R5f7 25. Qe3 Qg5 26. h3 Qh6 27. Kh2 Ne7 28. Qc1 Nf5 29. Ne2 Qxc1 30. Rxc1 h6 31. a4 Ne7 32. Rxf7 Rxf7 33. Kg1 Nc6 34. Rc5 a6 35. Rc3 Kf8 36. Rf3 Rxf3 37. gxf3 g5 38. Kf2 Kf7 39. Ke3 Kg6 40. f4 Kh5 41. fxg5 hxg5 42. Kf3 Kh4 43. Kg2 Na5 44. Nc1 b6 45. Kh2 g4 46. hxg4 Kxg4 47. b4 Nc6 48. Nd3 Nxd4 49. a5 bxa5 50. bxa5 Nc6 51. Nc5 Kf5 52. Kg2 Kxe5 53. Nxa6 Nxa5 54. Kf2 Nc4 55. Ke2 Kd6 56. Nb4 e5 57. Kd3 Nb2+ 58. Kc2 Na4 59. Kd3 Nc5+ 60. Kc3 Ne6 61. Kd3 Ng7 62. Ke3 Nf5+ 63. Kf3 Kc5 64. Nd3+ Kd4 65. Ke2 Ng3+ 66. Kd2 e4 67. Nf4 e3+ 68. Kc2 Ke4 69. Nd3 d4 70. Nc5+ Kd5 71. Na4 Nh5 72. Nb2 Nf4 73. Kd1 d3 0-1

[Event "SRB-chT2 East"]
[Site "Vrnjacka Banja"]
[Date "2015.08.30"]
[Round "5.4"]
[White "Madjar, Stanislav"]
[Black "Dragojevic, Dragan"]
[Result "1-0"]
[WhiteElo "2166"]
[BlackElo "1949"]
[PlyCount "113"]
[EventDate "2015.08.28"]
[EventType "team-tourn"]
[EventRounds "11"]
[EventCountry "SRB"]
[SourceTitle "EXT 2022"]
[Source "ChessBase"]
[SourceDate "2021.10.06"]
[SourceVersion "1"]
[SourceVersionDate "2021.10.06"]
[SourceQuality "1"]

1. c4 e5 2. g3 f5 3. Bg2 Nf6 4. Nc3 Be7 5. Nf3 d6 6. d3 0-0 7. 0-0 c6 8. Rb1 Na6 9. b4 Nc7 10. Qb3 h6 11. b5 c5 12. b6 Ne6 13. bxa7 Rxa7 14. Qb6 Qxb6 15. Rxb6 Nd7 16. Rb2 Nc7 17. Bd2 b6 18. Rfb1 Bb7 19. Bh3 Kh7 20. Ne1 g5 21. Nc2 Kg6 22. Bg2 Bxg2 23. Kxg2 Rfa8 24. a4 Bd8 25. Na3 Be7 26. h3 Ra6 27. Nc2 Bf6 28. e4 f4 29. Na3 Be7 30. Rb3 Ne6 31. Nab5 Nf6 32. R3b2 Rc8 33. Ra2 Nd4 34. Nxd4 cxd4 35. Nb5 fxg3 36. fxg3 g4 37. h4 Nd7 38. Bb4 Nc5 39. Bxc5 bxc5 40. Rba1 Bd8 41. Rf1 Rca8 42. Rf8 Be7 43. Rxa8 Rxa8 44. a5 Ra6 45. Nc7 Ra7 46. a6 Bd8 47. Nb5 Ra8 48. a7 Kf6 49. Ra6 Ke7 50. Nxd6 Kd7 51. Nb5 Kc8 52. Rxh6 Kb7 53. Rh7+ Kb6 54. Rg7 Ka5 55. Rxg4 Kb4 56. Rg8 Kb3 57. Kf1 1-0

[Event "SRB-chT Central"]
[Site "Kraljevo"]
[Date "2014.09.15"]
[Round "4.2"]
[White "Radovic, Janko"]
[Black "Madjar, Stanislav"]
[Result "1/2-1/2"]
[WhiteElo "2125"]
[BlackElo "2162"]
[PlyCount "52"]
[EventDate "2014.09.13"]
[EventType "team-tourn"]
[EventRounds "11"]
[EventCountry "SRB"]
[SourceTitle "CBM 162 Extra"]
[Source "ChessBase"]
[SourceDate "2014.10.17"]
[SourceVersion "1"]
[SourceVersionDate "2014.10.17"]
[SourceQuality "1"]
[WhiteTeam "Kragujevac"]
[BlackTeam "Veliko Gradiste"]
[WhiteTeamCountry "SRB"]
[BlackTeamCountry "SRB"]

1. e4 Nf6 2. e5 Nd5 3. d4 d6 4. Bc4 c6 5. Nf3 dxe5 6. Nxe5 Nd7 7. 0-0 Nxe5 8. dxe5 Bf5 9. Qe2 e6 10. Rd1 Qb6 11. Bd3 Bg6 12. c4 Nb4 13. Bxg6 hxg6 14. Bg5 Na6 15. Nc3 Nc5 16. Rd2 Be7 17. Be3 Qc7 18. Bxc5 Bxc5 19. Rad1 Rh5 20. Rd7 Qxe5 21. Qxe5 Rxe5 22. Rxb7 Rd8 23. Rxd8+ Kxd8 24. Kf1 Ke8 25. Na4 Bd4 26. Rc7 Ra5 1/2-1/2

[Event "SRB-chT2 East"]
[Site "Zajecar"]
[Date "2013.10.12"]
[Round "4"]
[White "Petrov, Georgi"]
[Black "Madjar, Stanislav"]
[Result "1-0"]
[WhiteElo "2219"]
[BlackElo "2181"]
[PlyCount "51"]
[EventDate "2013.10.10"]
[EventType "team-swiss"]
[EventRounds "8"]
[EventCountry "SRB"]
[SourceTitle "EXT 2014"]
[Source "ChessBase"]
[SourceDate "2013.11.20"]
[SourceVersion "1"]
[SourceVersionDate "2013.11.20"]
[SourceQuality "1"]

1. Nf3 b6 2. g3 Bb7 3. Bg2 e6 4. c4 f5 5. 0-0 Nf6 6. d4 Be7 7. Nc3 0-0 8. d5 Bb4 9. Nd4 Bxc3 10. bxc3 c5 11. Nb5 exd5 12. cxd5 d6 13. Bf4 Ne8 14. c4 a6 15. Nc3 Nd7 16. e4 Qf6 17. Qd2 Ne5 18. Bxe5 dxe5 19. exf5 Qxf5 20. Ne4 Rd8 21. Rae1 Nd6 22. Nxd6 Rxd6 23. Qe3 Rfd8 24. f4 exf4 25. Rxf4 Qd7 26. Bh3 1-0

[Event "SRB-chT2 East"]
[Site "Zajecar"]
[Date "2013.10.11"]
[Round "2"]
[White "Petrovic, Petar R"]
[Black "Madjar, Stanislav"]
[Result "0-1"]
[WhiteElo "1709"]
[BlackElo "2181"]
[PlyCount "87"]
[EventDate "2013.10.10"]
[EventType "team-swiss"]
[EventRounds "8"]
[EventCountry "SRB"]
[SourceTitle "EXT 2014"]
[Source "ChessBase"]
[SourceDate "2013.11.20"]
[SourceVersion "1"]
[SourceVersionDate "2013.11.20"]
[SourceQuality "1"]

1. e4 Nf6 2. e5 Nd5 3. d4 d6 4. c4 Nb6 5. exd6 exd6 6. Nc3 Be7 7. Be2 0-0 8. Nf3 Bg4 9. b3 Re8 10. 0-0 Bf6 11. Be3 Nc6 12. Qd3 d5 13. Rad1 Qd7 14. Rfe1 Rad8 15. c5 Bf5 16. Qd2 Nc8 17. Bg5 Bxg5 18. Qxg5 N8e7 19. Bb5 f6 20. Qf4 a6 21. Bxc6 Nxc6 22. Ne2 Re4 23. Qd2 Bg4 24. Qc3 Bxf3 25. Qxf3 Rde8 26. Kf1 Qe6 27. Qd3 Nxd4 28. Rd2 Nxe2 29. Rexe2 Rxe2 30. Rxe2 Qxe2+ 31. Qxe2 Rxe2 32. Kxe2 Kf7 33. Kd3 Ke6 34. Kd4 c6 35. f3 Kf5 36. g3 h5 37. b4 g5 38. a4 Ke6 39. h3 Kf5 40. b5 axb5 41. axb5 h4 42. bxc6 bxc6 43. gxh4 gxh4 44. Ke3 0-1

[Event "SRB Central-ch op"]
[Site "Pozarevac"]
[Date "2013.02.23"]
[Round "8"]
[White "Djordjevic, Zoran B"]
[Black "Madjar, Stanislav"]
[Result "0-1"]
[WhiteElo "2083"]
[BlackElo "2170"]
[PlyCount "110"]
[EventDate "2013.02.18"]
[EventType "swiss"]
[EventRounds "9"]
[EventCountry "SRB"]
[SourceTitle "CBM 153 Extra"]
[Source "ChessBase"]
[SourceDate "2013.04.22"]
[SourceVersion "1"]
[SourceVersionDate "2013.04.22"]
[SourceQuality "1"]

1. g3 Nf6 2. Bg2 c5 3. Nf3 Nc6 4. d3 g6 5. 0-0 Bg7 6. Nc3 0-0 7. e4 d6 8. h3 Rb8 9. Re1 Nd7 10. Ne2 b5 11. c3 b4 12. d4 bxc3 13. bxc3 Qa5 14. Be3 Ba6 15. Qc1 Rfc8 16. dxc5 Nxc5 17. Bxc5 Qxc5 18. Ned4 Ne5 19. Nxe5 Bxe5 20. f4 Bg7 21. Kh1 Qxc3 22. Qxc3 Rxc3 23. e5 Bb7 24. Rac1 Bxg2+ 25. Kxg2 Rxc1 26. Rxc1 dxe5 27. fxe5 Bxe5 28. Nc6 Rb2+ 29. Kf3 Bd6 30. Nxa7 Rxa2 31. Nb5 Ra6 32. Rb1 h5 33. Rb3 Kg7 34. Ke4 Ra4+ 35. Kf3 Rb4 36. Rxb4 Bxb4 37. Nd4 Bd6 38. Ne2 f5 39. Nc3 e5 40. Nb5 Bb8 41. Nc3 Kf6 42. Nd5+ Ke6 43. Nb4 Kd6 44. g4 hxg4+ 45. hxg4 Ba7 46. Nc2 Bc5 47. Ne1 Ke6 48. Nc2 Kf6 49. Na1 e4+ 50. Kg3 Bd6+ 51. Kh3 f4 52. Nb3 f3 53. Kh4 f2 54. Nd2 e3 55. g5+ Ke7 0-1

[Event "SRB Central-ch op"]
[Site "Pozarevac"]
[Date "2013.02.22"]
[Round "7"]
[White "Madjar, Stanislav"]
[Black "Zajic, Milan"]
[Result "0-1"]
[WhiteElo "2170"]
[BlackElo "2245"]
[PlyCount "66"]
[EventDate "2013.02.18"]
[EventType "swiss"]
[EventRounds "9"]
[EventCountry "SRB"]
[SourceTitle "CBM 153 Extra"]
[Source "ChessBase"]
[SourceDate "2013.04.22"]
[SourceVersion "1"]
[SourceVersionDate "2013.04.22"]
[SourceQuality "1"]

1. c4 e5 2. g3 Nf6 3. Bg2 d5 4. cxd5 Nxd5 5. Nf3 Nc6 6. 0-0 Nb6 7. b3 Be6 8. Bb2 f6 9. d4 e4 10. Ne1 f5 11. f3 exf3 12. Nxf3 Be7 13. d5 Nxd5 14. Bxg7 Rg8 15. Bb2 f4 16. Nd4 Ne3 17. Qd3 Nxd4 18. Bxd4 Nxg2 19. Kxg2 Qd5+ 20. Rf3 Bg4 21. Nc3 Bxf3+ 22. exf3 Qd7 23. Qe4 0-0-0 24. Bxa7 fxg3 25. hxg3 Bd6 26. Bf2 Qg7 27. Qg4+ Qxg4 28. fxg4 Be5 29. Rc1 Rxg4 30. Ne2 Rd2 31. Kf3 Rg7 32. Rc5 Rf7+ 33. Ke3 Rxe2+ 0-1

[Event "Branicevo-ch"]
[Site "Pozarevac"]
[Date "2012.12.21"]
[Round "1"]
[White "Rajkovic, Dusan"]
[Black "Madjar, Stanislav"]
[Result "1-0"]
[WhiteElo "2418"]
[BlackElo "2178"]
[PlyCount "55"]
[EventDate "2012.12.21"]
[EventType "swiss"]
[EventRounds "5"]
[EventCountry "SRB"]
[SourceTitle "CBM 152 Extra"]
[Source "ChessBase"]
[SourceDate "2013.02.25"]
[SourceVersion "1"]
[SourceVersionDate "2013.02.25"]
[SourceQuality "1"]

1. d4 Nf6 2. c4 e6 3. Nf3 Bb4+ 4. Nbd2 b6 5. g3 Bb7 6. Bg2 0-0 7. a3 Bxd2+ 8. Qxd2 d6 9. 0-0 Nbd7 10. b3 Qe7 11. Bb2 Ne4 12. Qe3 f5 13. Ng5 Ndf6 14. Nh3 Nd7 15. Rac1 Rac8 16. d5 Rfe8 17. Nf4 e5 18. Nd3 Ndf6 19. Bh3 g6 20. b4 Nh5 21. Rc2 Qg5 22. Qxg5 Nxg5 23. Bg2 Nf7 24. e4 f4 25. Bf3 Ng5 26. Bxh5 gxh5 27. f3 Rf8 28. h4 1-0

[Event "SRB-chT2 East CS"]
[Site "Serbia"]
[Date "2011.09.25"]
[Round "3.2"]
[White "Madjar, Stanislav"]
[Black "Stefanovic, Vladimir"]
[Result "1/2-1/2"]
[WhiteElo "2173"]
[BlackElo "2204"]
[PlyCount "70"]
[EventDate "2011.09.11"]
[EventType "team"]
[EventRounds "11"]
[EventCountry "SRB"]
[SourceTitle "EXT 2015"]
[Source "ChessBase"]
[SourceDate "2014.11.20"]
[SourceVersion "1"]
[SourceVersionDate "2014.11.20"]
[SourceQuality "1"]

1. c4 c5 2. Nc3 Nc6 3. Nf3 Nf6 4. g3 g6 5. Bg2 Bg7 6. 0-0 0-0 7. d4 cxd4 8. Nxd4 d6 9. Nxc6 bxc6 10. Bxc6 Rb8 11. Bg2 Qa5 12. Qd2 Bb7 13. Rb1 Bxg2 14. Kxg2 Nd7 15. Nd5 Qxa2 16. Nxe7+ Kh8 17. Qc2 Ne5 18. Bf4 Qxc4 19. Qxc4 Nxc4 20. b3 Ne5 21. Rfd1 Rfe8 22. Nd5 h6 23. h4 Rb7 24. b4 Nc4 25. e3 Na3 26. Rbc1 Nb5 27. Rc6 Re6 28. g4 Kh7 29. f3 Be5 30. Rd3 Kg7 31. Kg3 g5 32. hxg5 hxg5 33. Bxe5+ dxe5 34. Rxe6 fxe6 35. Nc3 Nxc3 1/2-1/2

[Event "SRB-chT2 East CS"]
[Site "Serbia"]
[Date "2011.09.18"]
[Round "2.2"]
[White "Dragic, Vladimir"]
[Black "Madjar, Stanislav"]
[Result "1/2-1/2"]
[WhiteElo "2161"]
[BlackElo "2173"]
[PlyCount "106"]
[EventDate "2011.09.11"]
[EventType "team"]
[EventRounds "11"]
[EventCountry "SRB"]
[SourceTitle "EXT 2015"]
[Source "ChessBase"]
[SourceDate "2014.11.20"]
[SourceVersion "1"]
[SourceVersionDate "2014.11.20"]
[SourceQuality "1"]

1. c4 Nf6 2. Nc3 c5 3. e4 Nc6 4. g4 h6 5. Bg2 Ne5 6. d4 cxd4 7. Qxd4 Nfxg4 8. f4 Nc6 9. Qd1 d6 10. Nf3 Qb6 11. Qe2 Be6 12. b3 g6 13. h3 Nf6 14. Bb2 Bg7 15. 0-0-0 Nh5 16. Qd2 Qa5 17. Kc2 a6 18. a4 Qb4 19. Rb1 Rc8 20. Ne2 Qxd2+ 21. Kxd2 Bxb2 22. Rxb2 Rg8 23. Ke3 g5 24. f5 Bd7 25. Ned4 Nf4 26. Bf1 Nxd4 27. Nxd4 Bc6 28. Ne2 Nxe2 29. Bxe2 a5 30. Bh5 Bd7 31. Rd2 Rc6 32. Rhd1 Rb6 33. Rd3 Rc6 34. Bg4 f6 35. Bh5+ Kf8 36. Kf3 Kg7 37. Rd5 b6 38. Kg4 Rgc8 39. R5d4 Rc5 40. Kf3 Bc6 41. Ke3 Bb7 42. Rg1 Re5 43. Kd3 Bc6 44. Rg3 Be8 45. Bd1 h5 46. Rd5 Rxd5+ 47. exd5 h4 48. Rg1 Kh6 49. Bg4 Bd7 50. Re1 Re8 51. Ke4 Kg7 52. Kf3 Kf8 53. Ra1 Rc8 1/2-1/2

[Event "SRB-chT 1st League"]
[Site "Valjevo"]
[Date "2010.09.25"]
[Round "10"]
[White "Madjar, Stanislav"]
[Black "Stankovic, Dejan"]
[Result "0-1"]
[WhiteElo "2145"]
[BlackElo "2240"]
[PlyCount "154"]
[EventDate "2010.09.18"]
[EventType "team"]
[EventRounds "11"]
[EventCountry "SRB"]
[SourceTitle "CBM 138 Extra"]
[Source "ChessBase"]
[SourceDate "2010.10.29"]
[SourceVersion "1"]
[SourceVersionDate "2010.10.29"]
[SourceQuality "1"]

1. c4 Nf6 2. Nc3 c6 3. e4 e5 4. Nf3 d6 5. d4 Bg4 6. Be2 Nbd7 7. Be3 Be7 8. 0-0 0-0 9. Nd2 Bxe2 10. Qxe2 Re8 11. Rfd1 h6 12. Nb3 Qc7 13. Rac1 Nh7 14. Rc2 Ndf8 15. Rcd2 Bg5 16. dxe5 dxe5 17. Nc5 Nf6 18. Rd6 b6 19. Na6 Qb7 20. Nb4 Rac8 21. Bxg5 hxg5 22. Qe3 Ne6 23. Nc2 Qe7 24. R6d2 Red8 25. h3 Rxd2 26. Rxd2 Rd8 27. b4 Rxd2 28. Qxd2 Nf4 29. a3 g4 30. h4 g5 31. hxg5 N6h5 32. g3 Nh3+ 33. Kf1 Nxg5 34. Ne3 Nf3 35. Qd1 Qg5 36. Kg2 Nxg3 37. Nxg4 Nxe4 38. Qxf3 Nxc3 39. Qg3 Kf8 40. Nxe5 Qc1 41. Nxc6 Nb1 42. Qb8+ Kg7 43. Qe5+ Kg8 44. c5 Nd2 45. Qg5+ Kh7 46. Qh4+ Kg7 47. Qg3+ Kf8 48. Qd6+ Kg7 49. Qd4+ Kh7 50. Ne5 bxc5 51. bxc5 Qf1+ 52. Kh2 Qe1 53. Qh4+ Kg8 54. Qg5+ Kf8 55. Nd7+ Ke8 56. Nf6+ Kf8 57. Nh7+ Ke8 58. Qg8+ Ke7 59. Qf8+ Ke6 60. Qd6+ Kf5 61. Qf6+ Ke4 62. Ng5+ Kd5 63. Qxf7+ Kxc5 64. Qxa7+ Kb5 65. Qd7+ Ka5 66. Qd4 Nf1+ 67. Kg2 Nd2 68. Nf3 Qf1+ 69. Kg3 Nc4 70. Qc5+ Ka6 71. a4 Qd3 72. Qb5+ Ka7 73. a5 Qg6+ 74. Kh2 Qd6+ 75. Kg1 Qg6+ 76. Kf1 Qd3+ 77. Kg2 Ne3+ 0-1

[Event "SRB-chT 1st League"]
[Site "Valjevo"]
[Date "2010.09.22"]
[Round "6"]
[White "Cvetanovic, Uros"]
[Black "Madjar, Stanislav"]
[Result "1-0"]
[WhiteElo "2206"]
[BlackElo "2154"]
[PlyCount "79"]
[EventDate "2010.09.18"]
[EventType "team"]
[EventRounds "11"]
[EventCountry "SRB"]
[SourceTitle "CBM 138 Extra"]
[Source "ChessBase"]
[SourceDate "2010.10.29"]
[SourceVersion "1"]
[SourceVersionDate "2010.10.29"]
[SourceQuality "1"]

1. e4 Nf6 2. e5 Nd5 3. c4 Nb6 4. d4 d6 5. f4 dxe5 6. fxe5 c5 7. Nf3 Bg4 8. d5 g6 9. Nbd2 e6 10. Ne4 N8d7 11. Bg5 Qc7 12. Bf6 Rg8 13. d6 Qc6 14. Qc2 Bh6 15. Bd3 Bxf3 16. gxf3 Bf4 17. Qc3 Na4 18. Qc2 Nxe5 19. Be2 Nb6 20. Rd1 Nbd7 21. a3 Kf8 22. Kf2 Nxf6 23. Nxf6 Rh8 24. b4 Kg7 25. b5 Qb6 26. Qe4 Qd8 27. Nh5+ gxh5 28. Qxf4 Qf6 29. Qe4 Rab8 30. Rhg1+ Ng6 31. a4 Rhd8 32. Kf1 Kh8 33. Qe3 b6 34. Qh6 Qf4 35. Rxg6 Qxh6 36. Rxh6 Kg7 37. Rxh5 Rd7 38. Kf2 h6 39. Rg1+ Kh7 40. Bd3+ 1-0

[Event "SRB-chT 1st League"]
[Site "Valjevo"]
[Date "2010.09.21"]
[Round "5"]
[White "Madjar, Stanislav"]
[Black "Lazic, Dragoljub"]
[Result "1/2-1/2"]
[WhiteElo "2154"]
[BlackElo "2319"]
[PlyCount "113"]
[EventDate "2010.09.18"]
[EventType "team"]
[EventRounds "11"]
[EventCountry "SRB"]
[SourceTitle "CBM 138 Extra"]
[Source "ChessBase"]
[SourceDate "2010.10.29"]
[SourceVersion "1"]
[SourceVersionDate "2010.10.29"]
[SourceQuality "1"]

1. c4 Nf6 2. Nc3 g6 3. g3 Bg7 4. Bg2 0-0 5. Nf3 d6 6. 0-0 e5 7. d3 Re8 8. Bg5 h6 9. Bxf6 Bxf6 10. Rb1 a5 11. a3 Bg7 12. b4 axb4 13. axb4 f5 14. Qc2 g5 15. b5 Nd7 16. Nd2 Nc5 17. Nb3 Ne6 18. Ra1 Rb8 19. Ra7 Nd4 20. Qa2 c6 21. Na5 e4 22. dxe4 cxb5 23. Nxb5 Nxb5 24. cxb5+ Be6 25. Qa4 Qb6 26. Nc4 Qc5 27. Nd2 f4 28. b6 Qxb6 29. Rb1 Qc6 30. Qa3 Qc3 31. Qxc3 Bxc3 32. Nb3 b5 33. Ra6 Be5 34. e3 fxe3 35. fxe3 b4 36. Nd4 b3 37. Nxe6 Rxe6 38. Bf1 Rb4 39. Rc6 Kg7 40. Bc4 Re7 41. Rxb3 Rxb3 42. Bxb3 Rb7 43. Bc2 h5 44. Kg2 Kf6 45. Rc8 Rb2 46. Rf8+ Kg7 47. Rc8 Ra2 48. Rc6 Ra3 49. Kf2 g4 50. Bd1 Ra1 51. Be2 Ra2 52. Kf1 Ra7 53. Kf2 Kh6 54. Rc8 Kg7 55. Rc6 Rd7 56. Rc8 Kg6 57. Kg2 1/2-1/2

[Event "SRB-chT 1st League"]
[Site "Vrnjacka Banja"]
[Date "2009.09.23"]
[Round "7"]
[White "Madjar, Stanislav"]
[Black "Jovanovic, Zoran B"]
[Result "0-1"]
[WhiteElo "2171"]
[BlackElo "2095"]
[PlyCount "48"]
[EventDate "2009.09.19"]
[EventType "team-swiss"]
[EventRounds "11"]
[EventCountry "YUG"]
[SourceTitle "CBM 132 Extra"]
[Source "ChessBase"]
[SourceDate "2009.11.03"]
[SourceVersion "1"]
[SourceVersionDate "2009.11.03"]
[SourceQuality "1"]

1. c4 Nf6 2. Nc3 g6 3. g3 Bg7 4. Bg2 0-0 5. Nf3 d6 6. 0-0 Nc6 7. d3 Nh5 8. Rb1 f5 9. Bd2 f4 10. Nd5 e5 11. b4 Ne7 12. b5 Kh8 13. Bc3 g5 14. Nd2 g4 15. Ba5 Nxd5 16. cxd5 Nf6 17. Qc2 b6 18. Bc3 Bb7 19. Qb3 a5 20. bxa6 Rxa6 21. a4 Qa8 22. a5 Nxd5 23. Ne4 h6 24. axb6 Ra3 0-1

[Event "SRB-chT2 East"]
[Site "Golubac"]
[Date "2008.10.18"]
[Round "9.1"]
[White "Madjar, Stanislav"]
[Black "Minic, Ivan"]
[Result "1/2-1/2"]
[WhiteElo "2205"]
[BlackElo "2096"]
[PlyCount "49"]
[EventDate "2008.09.14"]
[EventType "team"]
[EventRounds "11"]
[EventCountry "SRB"]
[SourceTitle "EXT 2012"]
[Source "ChessBase"]
[SourceDate "2011.11.24"]
[SourceVersion "1"]
[SourceVersionDate "2011.11.24"]
[SourceQuality "1"]

1. c4 Nf6 2. Nc3 c5 3. g3 g6 4. Bg2 Bg7 5. Nf3 Nc6 6. 0-0 0-0 7. d4 cxd4 8. Nxd4 Qb6 9. Nb3 d6 10. Be3 Qc7 11. c5 dxc5 12. Nxc5 Rd8 13. Qb3 e5 14. Nb5 Qe7 15. Rfd1 Bg4 16. Nc3 Nd4 17. Bxd4 exd4 18. Nxb7 dxc3 19. Nxd8 Rxd8 20. Qxc3 Rc8 21. Qd4 Qxe2 22. Re1 Qa6 23. Re7 Qb6 24. Qxb6 axb6 25. Rb7 1/2-1/2